History of mankind : Cultural and scientific Development (Record no. 35)

MARC details
000 -LEADER
fixed length control field 00404nam a2200145Ia 4500
005 - DATE AND TIME OF LATEST TRANSACTION
control field 20240814115749.0
008 - FIXED-LENGTH DATA ELEMENTS--GENERAL INFORMATION
fixed length control field 240813s9999||||xx |||||||||||||| ||und||
082 ## - DEWEY DECIMAL CLASSIFICATION NUMBER
Classification number 901.9 HAW
100 ## - MAIN ENTRY--PERSONAL NAME
Personal name Hawkes, Jacquetta
245 #0 - TITLE STATEMENT
Title History of mankind : Cultural and scientific Development
260 ## - PUBLICATION, DISTRIBUTION, ETC.
Place of publication, distribution, etc. London
Name of publisher, distributor, etc. George & Unwin
Date of publication, distribution, etc. 1963
300 ## - PHYSICAL DESCRIPTION
Extent xvii,873p
650 ## - SUBJECT ADDED ENTRY--TOPICAL TERM
Topical term or geographic name entry element HISTORY OF WORLD AND CIVILIZATION
942 ## - ADDED ENTRY ELEMENTS (KOHA)
Koha item type Book
Holdings
Withdrawn status Lost status Damaged status Not for loan Home library Current library Date acquired Total checkouts Barcode Date last seen Price effective from Koha item type
        Library and Documentation Division NCERT Library and Documentation Division NCERT 08/14/2024   63 08/14/2024 08/14/2024 Book